| 000 | 00396nam a2200157 a 4500 | ||
|---|---|---|---|
| 005 | 20140412111236.0 | ||
| 008 | 100122s19uu xx 00 eng d | ||
| 020 | _a0-439-83004-4 | ||
| 050 |
_aER _bKr89 2006 |
||
| 100 | _aStewart, Ayoka | ||
| 245 |
_aKrypto : _bDog of Steel. |
||
| 260 |
_aNew York : _bScholastic, _c2006. |
||
| 300 | _aunp. | ||
| 440 | _aKrypto the superdog | ||
| 999 |
_c102434 _d102434 |
||